Statistics for States with highest % power from nuclear

Click here to take the quiz!

General Stats

  • This quiz has been taken 13 times
  • The average score is 8 of 10

Answer Stats

HintAnswer% Correct
38.3%Connecticut
100%
34.3%Virginia
100%
51.5%Maryland
90%
33.52%North Carolina
90%
54.3%Illinois
80%
33.51%Alabama
70%
57.4%New Jersey
70%
56.3%South Carolina
70%
48.7%Tennessee
60%
61%New Hampshire
40%

Score Distribution

Percentile by Number Answered

Percent of People with Each Score

Your Score History

You have not taken this quiz